Xây dựng nhanh hệ thống bán hàng qua mạng bằng visual web developer

Quyển sách này giới thiệu một mội trường phát triển ứng dụng web nhanh và mạnh của Microsoft, đó là công cụ Visual Web Developer cho phép bạn xây dựng các ứng dụng Web lớn bằng các kỹ thuật kéo-thả, Wizard và hàng trăm các công cụ, điều khiển...

Täydet tiedot

Tallennettuna:
Bibliografiset tiedot
Päätekijä: Nguyễn Ngọc Minh (Chủ biên)
Muut tekijät: Phương Lan (Hiệu đính)
Aineistotyyppi: Kirja
Kieli:Vietnamese
Julkaistu: H. Lao Động - Xã Hội 2008
Aiheet:
Tagit: Lisää tagi
Ei tageja, Lisää ensimmäinen tagi!
Thư viện lưu trữ: Thư viện Trường Đại học Nam Cần Thơ
LEADER 01813nam a22002417a 4500
001 NCT_23146
008 171123b xxu||||| |||| 00| 0 vie d
999 |c 1094  |d 1094 
020 |c 82000 
082 1 4 |2 22nd ed.  |a 005.3  |b M312 
100 1 0 |a Nguyễn Ngọc Minh  |e Chủ biên 
245 1 0 |a Xây dựng nhanh hệ thống bán hàng qua mạng bằng visual web developer  |c Nguyễn Ngọc Minh, Phương Lan 
260 |a H.  |b Lao Động - Xã Hội  |c 2008 
300 |a 305tr  |b Ảnh minh họa  |c 24 cm  |e đĩa CD 
520 |a Quyển sách này giới thiệu một mội trường phát triển ứng dụng web nhanh và mạnh của Microsoft, đó là công cụ Visual Web Developer cho phép bạn xây dựng các ứng dụng Web lớn bằng các kỹ thuật kéo-thả, Wizard và hàng trăm các công cụ, điều khiển thân thiện khác. Quyển sách này hướng dẫn từng bước xây dựng một ứng dụng thương mại điện tử với đầy đủ các tính năng mà bạn thấy trên Internet ngày nay. 
653 |a Visual web developer 
655 |a Công nghệ thông tin 
700 1 0 |a Phương Lan  |e Hiệu đính 
942 |2 ddc  |c BK 
952 |0 0  |1 0  |2 ddc  |4 0  |6 005_300000000000000_M312  |7 0  |9 4158  |a 000001  |b 000001  |d 2017-11-23  |o 005.3 M312  |p MD.02041  |r 2017-11-23  |v 82000.00  |w 2017-11-23  |y BK 
952 |0 0  |1 0  |2 ddc  |4 0  |6 005_300000000000000_M312  |7 0  |9 4159  |a 000001  |b 000001  |d 2017-11-23  |o 005.3 M312  |p MD.02042  |r 2017-11-23  |v 82000.00  |w 2017-11-23  |y BK 
952 |0 0  |1 0  |2 ddc  |4 0  |6 005_300000000000000_M312  |7 0  |9 4160  |a 000001  |b 000001  |d 2017-11-23  |o 005.3 M312  |p MD.02060  |r 2017-11-23  |v 82000.00  |w 2017-11-23  |y BK 
980 |a Thư viện Trường Đại học Nam Cần Thơ